| 000 | 01021njm a22002777a 4500 | ||
|---|---|---|---|
| 005 | 2010092208478.0 | ||
| 007 | sd ammalaaahaa | ||
| 008 | 100913t xxu||||| |||| 00| 0 hin d | ||
| 028 |
_aSNLP 5002 B _bSUPER ; T-Series |
||
| 035 | _aGR-07819 | ||
| 040 |
_aSED _cSED |
||
| 100 |
_aRaagi, Harbans Singh _91184 |
||
| 245 |
_aAarti / _cby Harbans Singh Raagi ; music by Ved Sethi _h[sound recording] : |
||
| 246 | _aआरती | ||
| 260 |
_aDum Dum India _bSUPER ; T-Series _c1984 |
||
| 300 |
_a1 sound disc [Gramophone record] : _banalog, 33 1/3 rpm _c12.5 in. (LP) _fGramophone Record |
||
| 500 | _aBrief Record | ||
| 500 | _aRecord label :SUPER ; T-Series, Orange | ||
| 505 | _aSide-2 (Ham ghar saajan aaye) (Harbans Singh Raagi) | ||
| 600 |
_aRaagi, Harbans Singh _919992 |
||
| 650 |
_aBhakti Songs _xExcerpts _zIndia _921058 |
||
| 650 |
_aPunjabi Devotional _921096 |
||
| 700 |
_921075 _aSethi, Ved |
||
| 942 |
_2ddc _cGR |
||
| 999 |
_c47427 _d47427 |
||